| 000 | 00931nas a2200313 4500 | ||
|---|---|---|---|
| 001 | BR0001341 | ||
| 003 | BR-BrBNA | ||
| 005 | 20231205101749.0 | ||
| 007 | ta | ||
| 008 | 230509b bl.|||p| |||| 00| 00por d | ||
| 040 |
_aBR-BrBNA _bpor _cBiblioteca Nacional de Agricultura |
||
| 041 | _a(Pt) | ||
| 072 | _aQ04 | ||
| 100 | 1 | _aAntoniassi, R. | |
| 100 | 1 | _aPereira, D.A. | |
| 100 | 1 | _aSzpiz, R.R. | |
| 100 | 1 | _aJablonka, F.H. | |
| 100 | 1 | _aLago, R.C.A. | |
| 245 | 1 | _aAvaliacao das caracteristicas de identidade e qualidade de amostras de azeite de oliva | |
| 650 | _aAzeite | ||
| 650 | _aAzeitona | ||
| 650 | _aComposicao Quimica | ||
| 650 | _aAcido Graxo | ||
| 650 | _aAdulteracao | ||
| 650 | _aControle de Qualidade | ||
| 773 | 0 |
_tBrazilian Journal of Food Technology (Brazil) _xISSN 1516-7275 _g(Jan-Dec 1998), v. 1(1-2) p. 32-43 _wBR0001341 |
|
| 909 |
_a202311 _bLúcia _c55 _dLúcia Elande |
||
| 942 |
_2AGRIS _n0 _cANA |
||
| 999 |
_c163737 _d163737 |
||